000 00741cam a2200277 4500500
005 20260405003652.0
041 _afre
042 _adc
100 1 0 _aMarguier, Aude
_eauthor
245 0 0 _aPourquoi amassons-nous des babioles ?
260 _c2023.
500 _a98
690 _aAccumulation
690 _aAmitié
690 _aBachelard
690 _aBaudrillard
690 _aCadeaux
690 _aÉrasme
690 _aIdentité
690 _aInutile
690 _aKitsch
690 _aLaideur
690 _aObjets
786 0 _nPhilosophie magazine | 168 | 4 | 2023-04-01 | p. 52-52 | 1951-1787
856 4 1 _uhttps://shs.cairn.info/magazine-philosophie-magazine-2023-4-page-52?lang=fr&redirect-ssocas=7080
999 _c2069760
_d2069760